| 000 | 01237nam a2200385 i 4500 | ||
|---|---|---|---|
| 001 | 53411 | ||
| 003 | ES-MaCES | ||
| 005 | 20250203133122.0 | ||
| 008 | 241118s2024 sp f 000|| spad | ||
| 017 |
_aV 2505-2024 _bDL |
||
| 020 | _a9788410715158 | ||
| 040 |
_aES-MaCES _bspa _cES-MaCES |
||
| 100 | 1 |
_913032 _aGarcía-Perrote Escartín, Ignacio |
|
| 245 | 1 | 0 |
_aManual de Derecho del trabajo _cIgnacio García-Perrote Escartín |
| 250 | _a14ª ed | ||
| 260 |
_aValencia _bTirant lo Blanch _c2024 |
||
| 300 |
_a1244 p. _c24 cm |
||
| 490 | 0 | _aManuales | |
| 541 | _cCompra | ||
| 650 | 4 |
_aderecho del trabajo _927165 |
|
| 650 | 4 |
_alegislación del trabajo _927166 |
|
| 650 | 4 |
_acondiciones de trabajo _928327 |
|
| 650 | 4 |
_anegociación colectiva _928362 |
|
| 650 | 4 |
_arelaciones laborales _928369 |
|
| 650 | 4 |
_aprocedimiento laboral _930887 |
|
| 650 | 4 |
_aderecho jurisprudencial _929863 |
|
| 650 | 4 |
_aderecho comunitario _929866 |
|
| 650 | 4 |
_aEspaña _926964 |
|
| 650 | 4 |
_amanual _929264 |
|
| 653 | 1 | 0 | _aDerecho del trabajo y Seguridad Social |
| 775 | 0 |
_tManual de Derecho del trabajo _w(ES-MaCES)52026 |
|
| 830 | 0 |
_aManuales (Tirant lo Blanch (Firma)) _933478 |
|
| 902 | _aLIB Libro | ||
| 942 |
_2CES _cBK _h6.0.1. |
||
| 999 |
_c53411 _d53411 |
||